<?xml version="1.0" encoding="UTF-8"?>
<collection xmlns="http://www.loc.gov/MARC21/slim">
    <record>
        <controlfield tag="001">56272</controlfield>
        <controlfield tag="005">20210121114531.0</controlfield>
        <datafield tag="024" ind1="8" ind2=" ">
            <subfield code="2">sideral</subfield>
            <subfield code="a">91627</subfield>
        </datafield>
        <datafield tag="037" ind1=" " ind2=" ">
            <subfield code="a">ART-2015-91627</subfield>
        </datafield>
        <datafield tag="041" ind1=" " ind2=" ">
            <subfield code="a">eng</subfield>
        </datafield>
        <datafield tag="100" ind1=" " ind2=" ">
            <subfield code="0">(orcid)0000-0003-0759-7105</subfield>
            <subfield code="a">Puértolas-Pascual, E.</subfield>
            <subfield code="u">Universidad de Zaragoza</subfield>
        </datafield>
        <datafield tag="245" ind1=" " ind2=" ">
            <subfield code="a">Exceptional crocodylomorph biodiversity of “La Cantalera” site (Lower barremian; lower cretaceous) in Teruel, Spain</subfield>
        </datafield>
        <datafield tag="260" ind1=" " ind2=" ">
            <subfield code="c">2015</subfield>
        </datafield>
        <datafield tag="506" ind1="0" ind2=" ">
            <subfield code="a">Access copy available to the general public</subfield>
            <subfield code="f">Unrestricted</subfield>
        </datafield>
        <datafield tag="520" ind1="3" ind2=" ">
            <subfield code="a">The palaeontological site of La Cantalera in Teruel, Spain (Blesa Formation, Lower Cretaceous) can be characterized as the site with the greatest biodiversity of vertebrates (32 taxa) from the lower Barremian of the Iberian Peninsula. Remains of amphibians, lizards, turtles, crocodiles, pterosaurs, dinosaurs and mammals have been recovered. The most common taxa are crocodylomorphs, and their most abundant remains are small isolated teeth. Six morphotypes have been identified, which may correspond to at least four different sympatric crocodylomorph taxa. This site presents a similar assemblage to other European Lower Cretaceous sites, with morphotypes that may correspond to the families Goniopholididae, Bernissartiidae, Atoposauridae and multiple ziphodont crocodylomorphs. The crocodylomorph assemblage of La Cantalera is characterized by the absence of large individuals and presents a wide variety of dental morphologies adapted to diets ranging from generalist to highly specialized. This rich biodiversity could be due to concentration of vertebrates into restricted flooded areas during dry seasons within a marsh ecosystem. Furthermore, La Cantalera could also be close to a nesting area, which would explain the abundance of small-sized individuals and the presence of fossil crocodiloid eggshells.</subfield>
        </datafield>
        <datafield tag="540" ind1=" " ind2=" ">
            <subfield code="9">info:eu-repo/semantics/openAccess</subfield>
            <subfield code="a">by-nc-sa</subfield>
            <subfield code="u">http://creativecommons.org/licenses/by-nc-sa/3.0/es/</subfield>
        </datafield>
        <datafield tag="590" ind1=" " ind2=" ">
            <subfield code="a">1.234</subfield>
            <subfield code="b">2015</subfield>
        </datafield>
        <datafield tag="591" ind1=" " ind2=" ">
            <subfield code="a">PALEONTOLOGY</subfield>
            <subfield code="b">30 / 54 = 0.556</subfield>
            <subfield code="c">2015</subfield>
            <subfield code="d">Q3</subfield>
            <subfield code="e">T2</subfield>
        </datafield>
        <datafield tag="592" ind1=" " ind2=" ">
            <subfield code="a">0.837</subfield>
            <subfield code="b">2015</subfield>
        </datafield>
        <datafield tag="593" ind1=" " ind2=" ">
            <subfield code="a">Oceanography</subfield>
            <subfield code="c">2015</subfield>
            <subfield code="d">Q2</subfield>
        </datafield>
        <datafield tag="655" ind1=" " ind2="4">
            <subfield code="a">info:eu-repo/semantics/article</subfield>
            <subfield code="v">info:eu-repo/semantics/publishedVersion</subfield>
        </datafield>
        <datafield tag="700" ind1=" " ind2=" ">
            <subfield code="a">Rabal-Garcés, R.</subfield>
        </datafield>
        <datafield tag="700" ind1=" " ind2=" ">
            <subfield code="0">(orcid)0000-0003-1732-9155</subfield>
            <subfield code="a">Canudo, J.I.</subfield>
            <subfield code="u">Universidad de Zaragoza</subfield>
        </datafield>
        <datafield tag="710" ind1="2" ind2=" ">
            <subfield code="1">2000</subfield>
            <subfield code="2">655</subfield>
            <subfield code="a">Universidad de Zaragoza</subfield>
            <subfield code="b">Dpto. Ciencias de la Tierra</subfield>
            <subfield code="c">Área Paleontología</subfield>
        </datafield>
        <datafield tag="773" ind1=" " ind2=" ">
            <subfield code="g">18, 2 (2015), [16 pp]</subfield>
            <subfield code="p">Palaeontol. electronica</subfield>
            <subfield code="t">PALAEONTOLOGIA ELECTRONICA</subfield>
            <subfield code="x">1935-3952</subfield>
        </datafield>
        <datafield tag="856" ind1="4" ind2=" ">
            <subfield code="s">8056938</subfield>
            <subfield code="u">http://zaguan.unizar.es/record/56272/files/texto_completo.pdf</subfield>
            <subfield code="y">Versión publicada</subfield>
        </datafield>
        <datafield tag="856" ind1="4" ind2=" ">
            <subfield code="s">90509</subfield>
            <subfield code="u">http://zaguan.unizar.es/record/56272/files/texto_completo.jpg?subformat=icon</subfield>
            <subfield code="x">icon</subfield>
            <subfield code="y">Versión publicada</subfield>
        </datafield>
        <datafield tag="909" ind1="C" ind2="O">
            <subfield code="o">oai:zaguan.unizar.es:56272</subfield>
            <subfield code="p">articulos</subfield>
            <subfield code="p">driver</subfield>
        </datafield>
        <datafield tag="951" ind1=" " ind2=" ">
            <subfield code="a">2021-01-21-11:10:31</subfield>
        </datafield>
        <datafield tag="980" ind1=" " ind2=" ">
            <subfield code="a">ARTICLE</subfield>
        </datafield>
    </record>

    
</collection>